Постановление ГКО СССР № 4066 о разрешении Моссовету увеличить мощность ламп в светомаскировочном освещении улиц Москвы до 25 Вт...

RUSMARC
00004761cbm0a2200301#x 450
0013c042553-cfd6-4e8c-b23d-5c01b57e072e
00520250522132959.0
100##$a20250522j19430908k###0rusy50 ca
1010#$arus
102##$aRU
105##$ay###z########
1220#$ad19430908##
2001#$aПостановление ГКО СССР № 4066 о разрешении Моссовету увеличить мощность ламп в светомаскировочном освещении улиц Москвы до 25 Вт, с приложением докладной записки Пронина В. П. Молотову В. М.
$j8 сентября 1943 г.
251##$cДокумент
300##$aРассылочный и подлинный экземпляры
461#0$12001
$aФ. 644
$1251
$cФонд
$1852
$j644
462#0$12001
$aОп. 1
$1251
$cОпись
$1852
$j1
60101$2nlr_sh
$3RU\NLR\AUTH\661357733
$aСССР
$bГосударственный Комитет Обороны
$xИстория
$jДокументы и материалы
605##$2prlib_sh
$3LIBNET\UAF\0000088514
$aВторая мировая война в архивных документах (Комплекс оцифрованных архивных документов, кино- и фотоматериалов)
$lколлекция
605##$2acquisition_Prlib
$3DITM\AF\0000002775
$aВласть
$lколлекция
6061#$2nlr_sh
$3RU\NLR\AUTH\66176862
$aВеликая Отечественная война
$z1941 - 1945
$yМосква, город
$jДокументы и материалы
6061#$2nlr_sh1
$3RU\NLR\AUTH\66990424
$aСветомаскировка(противовоздушная оборона)
$yМосква, город
$jДокументы и материалы
686##$a63.3(2-2Москва)622,12ю1
$vLBC/M
$2rubbk
801#0$aRU
$bПБ им. Б.Н. Ельцина
$c20250522
801#1$aRU
$bПБ им. Б.Н. Ельцина
$c20250522
$2rusmarc
801#2$aRU
$bПБ им. Б.Н. Ельцина
$c20250522
$2rusmarc
850##$aРоссийский государственный архив социально-политической истории
852##$aРГАСПИ
$jД. 150. Л. 66-66об.; Оп. 2. Д. 212. Л. 107-108
035##$aLIBNET\0001475109
937##$d196751058
$hФедеральное архивное агентство
8564#$uhttp://readingroom.main.prlib.ru/item.aspx?id_node=n196751058&mode=full
Формат отображения